Essentials of physical medicine and rehabilitation : (رقم التسجيلة. 79460)
[ عرض عادي ]
| 000 -الفاتح | |
|---|---|
| حقل البيانات ثابتة الطول | 02517cam a2200421Mi 4500 |
| 001 - رقم الضبط | |
| رقم الضبط | 1079389720 |
| 003 - محدد رقم الضبط | |
| رقم الضبط | OCoLC |
| 005 - وقت وتاريخ اخر تعامل مع التسجيلة | |
| رقم الضبط | 20210305192341.0 |
| 008 - عناصر البيانات ثابتة الطول - معلومات عامة | |
| حقل البيانات ثابتة الطول | 181214s2019 paua b 001 0 eng d |
| 010 ## - رقم ضبط مكتبة الكونجرس | |
| رقم ضبط مكتبة الكونجرس | 2018944804 |
| 020 ## - الرقم الدولى المعيارى للكتب | |
| الرقم الدولى المعيارى للكتاب | 9780323549479 |
| 020 ## - الرقم الدولى المعيارى للكتب | |
| الرقم الدولى المعيارى للكتاب | 0323549470 |
| 035 ## - رقم ضبط النظام | |
| رقم ضبط النظام | (OCoLC)1079389720 |
| 040 ## - مصدر الفهرسة | |
| وكالة الفهرسة الأصلية | YUM |
| لغة الفهرسة | eng |
| قواعد الوصف | rda |
| وكالة النسخ | YUM |
| وكالة التعديل | VET |
| -- | OCLCF |
| -- | OCLCO |
| -- | MNE |
| -- | MU9 |
| -- | YDX |
| 050 #4 - رقم طلب مكتبة الكونجرس | |
| رقم التصنيف | RM700 |
| رقم المادة | .E84 2019 |
| 050 #4 - رقم طلب مكتبة الكونجرس | |
| رقم التصنيف | RC925.53 |
| رقم المادة | .E87 2019 |
| 060 10 - رقم الطلب بالمكتبة الطبية الوطنية | |
| رقم التصنيف | WE 140 |
| رقم المادة | E782 2019 |
| 082 00 - رقم تصنيف ديوى العشرى | |
| رقم التصنيف | 617.03 |
| رقم الطبعة | 23 |
| رقم المادة | ESP |
| 245 00 - بيان العنوان | |
| العنوان | Essentials of physical medicine and rehabilitation : |
| بقية العنوان | musculoskeletal disorders, pain, and rehabilitation / |
| بيان المسئوليه,etc | Walter R. Frontera, Julie K. Silver, Thomas D. Rizzo, Jr., [editors] |
| 250 ## - بيان الطبعة | |
| بيان الطبعة | Fourth edition |
| 264 #1 - النشر, التوزيع, ETC. (IMPRINT) | |
| مكان الناشر او الموزع | Philadelphia : |
| اسم الناشر او الموزع | Elsevier, |
| تاريخ النشر أو التوزيع | 2019 |
| 300 ## - الوصف المادى | |
| التعداد | xxv, 997 pages : |
| تفاصيل ماديه اخرى للوعاء | color illustrations ; |
| أبعاد الوعاء | 29 cm |
| 504 ## - تبصرة ببليوجرافية | |
| تبصرة ببليوجرافية,الخ | Includes bibliographical references and index |
| 505 0# - تبصرة محتويات-الفهرس | |
| تبصرة المحتويات المصاغة | Part I: Musculoskeletal disorders. Head, neck, and upper back -- Shoulder -- Elbow and forearm -- Hand and wrist -- Mid back -- Low back -- Pelvis, hip, and thigh -- Knee and leg -- Foot and ankle -- Part II: Pain -- Part III: Rehabilitation |
| 520 ## - التبصرة الخاصة بالتعليق أو التلخيص | |
| ملخص,الخ | "The knowledge you need to enhance your patients' quality of life. Packed with practical, up-to-date guidance, Essentials of Physical Medicine and Rehabilitation, Fourth Edition, helps you prevent, diagnose, and treat a wide range of musculoskeletal disorders, pain syndromes, and chronic disabling conditions in day-to-day patient care. This easy-to-use reference provides the information you need to improve patient function and performance by using both traditional and cutting-edge therapies, designing effective treatment plans, and working with interdisciplinary teams that meet your patients' current and changing needs. An easy-to-navigate format provides quick access to concise, well-illustrated coverage of every essential topic in the field"-- |
| 650 #0 - المدخل الاضافى بالموضوع-مصطلح موضوعى | |
| مصطلح موضوعي أو اسم جغرافي كعنصر مدخل | Medicine, Physical |
| 9 (RLIN) | 10218 |
| 650 #0 - المدخل الاضافى بالموضوع-مصطلح موضوعى | |
| مصطلح موضوعي أو اسم جغرافي كعنصر مدخل | Medical rehabilitation |
| 9 (RLIN) | 88529 |
| 650 #0 - المدخل الاضافى بالموضوع-مصطلح موضوعى | |
| مصطلح موضوعي أو اسم جغرافي كعنصر مدخل | Pain |
| التقسيم الفرعي العام | Rehabilitation |
| 9 (RLIN) | 88530 |
| 650 #0 - المدخل الاضافى بالموضوع-مصطلح موضوعى | |
| مصطلح موضوعي أو اسم جغرافي كعنصر مدخل | Pain |
| التقسيم الفرعي العام | Treatment |
| 9 (RLIN) | 88531 |
| 650 12 - المدخل الاضافى بالموضوع-مصطلح موضوعى | |
| مصطلح موضوعي أو اسم جغرافي كعنصر مدخل | Musculoskeletal Diseases |
| التقسيم الفرعي العام | rehabilitation |
| 9 (RLIN) | 38597 |
| 650 02 - المدخل الاضافى بالموضوع-مصطلح موضوعى | |
| مصطلح موضوعي أو اسم جغرافي كعنصر مدخل | Musculoskeletal Diseases |
| التقسيم الفرعي العام | rehabilitation |
| 9 (RLIN) | 38597 |
| 650 02 - المدخل الاضافى بالموضوع-مصطلح موضوعى | |
| مصطلح موضوعي أو اسم جغرافي كعنصر مدخل | Pain |
| التقسيم الفرعي العام | rehabilitation |
| 9 (RLIN) | 88532 |
| 650 02 - المدخل الاضافى بالموضوع-مصطلح موضوعى | |
| مصطلح موضوعي أو اسم جغرافي كعنصر مدخل | Pain Management |
| 9 (RLIN) | 88533 |
| 700 1# - المدخل الاضافى - اسم شخصى | |
| الإسم الشخصى | Frontera, Walter R., |
| التواريخ المصاحبة للاسم | 1955- |
| الدور | editor |
| 9 (RLIN) | 88534 |
| 700 1# - المدخل الاضافى - اسم شخصى | |
| الإسم الشخصى | Silver, J. K. |
| الشكل الأكمل للاسم | (Julie K.), |
| التواريخ المصاحبة للاسم | 1965- |
| الدور | editor |
| 9 (RLIN) | 11223 |
| 700 1# - المدخل الاضافى - اسم شخصى | |
| الإسم الشخصى | Rizzo, Thomas D., |
| التواريخ المصاحبة للاسم | 1959- |
| الدور | editor |
| 9 (RLIN) | 88535 |
| 942 ## - عناصر المدخل الإضافي( كوها) | |
| مصدر التصنيف او مخطط الترفيف | Dewey Decimal Classification |
| Koha [default] item type | كتاب |
| حالة الفقد | نموذج السعر الفعال | حالة تلف | ليس للاعارة | رقم الطلب | تاريخ الاكتساب | الموقع الحالي | الباركود | الفرع الرئيسي | Date last seen | نوع المادة فى نظام كوها | مصدر التصنيف او خطة الترفيف | Total Checkouts | Date last checked out |
|---|---|---|---|---|---|---|---|---|---|---|---|---|---|
| 2021-03-05 | 617.03 ESP | 2021-03-05 | المكتبة المركزية بالمجمعة (CL) | 00167484 | المكتبة المركزية بالمجمعة (CL) | 2021-03-05 | كتاب | Dewey Decimal Classification | |||||
| 2021-03-05 | 617.03 ESP | 2021-03-05 | المكتبة المركزية بالمجمعة (CL) | 00167485 | المكتبة المركزية بالمجمعة (CL) | 2021-03-05 | كتاب | Dewey Decimal Classification | |||||
| 2021-03-05 | 617.03 ESP | 2021-03-05 | المكتبة المركزية بالمجمعة (CL) | 00167486 | المكتبة المركزية بالمجمعة (CL) | 2021-03-05 | كتاب | Dewey Decimal Classification | |||||
| 2021-03-05 | 617.03 ESP | 2021-03-05 | مكتبة كلية العلوم الطبية التطبيقية بالمجمعة - طالبات (AMF) | 00167578 | مكتبة كلية العلوم الطبية التطبيقية بالمجمعة - طالبات (AMF) | 2023-10-11 | كتاب | Dewey Decimal Classification | 1 | 2023-09-20 | |||
| 2021-03-05 | 617.03 ESP | 2021-03-05 | مكتبة كلية العلوم الطبية التطبيقية بالمجمعة - طالبات (AMF) | 00167579 | مكتبة كلية العلوم الطبية التطبيقية بالمجمعة - طالبات (AMF) | 2021-03-05 | كتاب | Dewey Decimal Classification | |||||
| 2021-03-05 | 617.03 ESP | 2021-03-05 | مكتبة مجمع الكليات بالزلفى - طلاب (SZM) | 00167580 | مكتبة مجمع الكليات بالزلفى - طلاب (SZM) | 2021-03-05 | كتاب | Dewey Decimal Classification | |||||
| 2021-03-05 | 617.03 ESP | 2021-03-05 | مكتبة مجمع الكليات بالزلفى - طلاب (SZM) | 00167581 | مكتبة مجمع الكليات بالزلفى - طلاب (SZM) | 2021-03-05 | كتاب | Dewey Decimal Classification |
